El Trébol de Papel: creaciones manuales educativas
Guardado en:
| Autor principal: | |
|---|---|
| Formato: | Libro |
| Lenguaje: | español |
| Publicado: |
Madrid
Altea
1981
|
| Edición: | 11a. ed |
| Colección: | Creaciones con papel, 1
|
| Materias: | |
| Etiquetas: |
Agregar Etiqueta
Sin Etiquetas, Sea el primero en etiquetar este registro!
|
MARC
| LEADER | 00000nam a2200000 a 4500 | ||
|---|---|---|---|
| 001 | UCH5439 | ||
| 003 | CL-VaPUC | ||
| 008 | 091014e19810000SP |||||||||||||||||spa|d | ||
| 020 | |a 8437210091 | ||
| 082 | 0 | 4 | |a 372.5 |b AZA |2 21 |
| 100 | 0 | |a Azaola, Miguel |e author |9 541715 | |
| 245 | 1 | 3 | |a El Trébol de Papel: creaciones manuales educativas |
| 250 | |a 11a. ed | ||
| 300 | |a 160 p | ||
| 942 | |c BK | ||
| 945 | |d 20091014 00:00:00 |a ccalabra | ||
| 260 | |a Madrid |b Altea |c 1981 | ||
| 650 | 0 | |a Artes manuales |9 358103 | |
| 650 | 0 | |a Educación |9 258661 | |
| 650 | 7 | |a CREACIONES |2 CL-VaPUC |9 541717 | |
| 650 | 7 | |a PAPEL |2 CL-VaPUC |9 541718 | |
| 650 | 7 | |a TRABAJOS CON PAPEL |2 CL-VaPUC |9 307528 | |
| 583 | |a last modification |c 20091014 00:00:00 |k Rodrigo Vera | ||
| 490 | 0 | |a Creaciones con papel, 1 | |
| 999 | |c 336578 |d 336576 | ||